000 00677nam a2200217 u 4500
005 20240314063638.0
008 081211s2007 ea r 000 0 spa d
020 _a1404271821
035 _aUPN01000168480
049 _aI
050 4 _aPZ8.7
_bD6.3
100 1 _aDowney, Tika
_942030
245 1 0 _aHuellas en la nieve /
_cTika Downey ; tr. María Cristina Brusca.
260 _aNew York :
_bRosen Classroom Books & Materials,
_c2007.
300 _a16 p. :
_bil. col.
440 0 _aLecturas del barrio.
_pMisterio
650 4 _aCuentos infantiles estadounidenses
_910762
650 0 _aCuentos policíacos y de misterio
_92405
905 _aInfantil
999 _c140587
_d140587